Nomination of David W. Anderson : hearing before the Committee on Indian Affairs, United States Senate, One Hundred Eighth Congress, first session, on confirmation hearing of the nomination of David W. Anderson to be Assistant Secretary for Indian Affairs, October 22, 2003, Washington, DC.

Bibliographic Details
Corporate Author: United States. Congress. Senate. Committee on Indian Affairs (1993- ) (Author)
Format: Government Document eBook
Language:English
Published: Washington : U.S. Government Printing Office, 2004.
Subjects:
Online Access:https://purl.fdlp.gov/GPO/gpo106775

MARC

Tag First Indicator Second Indicator Subfields
LEADER 00000cam a2200000 i 4500
001 in00004006413
005 20181030095002.0
006 m o d f
007 cr bn||||a||||
008 120629s2004 dcua o f000 0 eng c
019 |a 654529154 
035 |a (OCoLC)ocn797512041 
042 |a dlr  |a pcc 
043 |a n-us--- 
040 |a OCLCE  |b eng  |e rda  |e pn  |c OCLCE  |d OCLCO  |d OCLCQ  |d OCLCA  |d OCLCQ  |d OCLCF  |d GPO  |d MvI 
049 |a WWW 
050 4 |a KF26  |b .I45 2003w 
074 |a 1009-B-05 (online) 
086 0 |a Y 4.IN 2/11:S.HRG.108-386 
110 1 |a United States.  |b Congress.  |b Senate.  |b Committee on Indian Affairs (1993- ),  |e author. 
245 1 0 |a Nomination of David W. Anderson :  |b hearing before the Committee on Indian Affairs, United States Senate, One Hundred Eighth Congress, first session, on confirmation hearing of the nomination of David W. Anderson to be Assistant Secretary for Indian Affairs, October 22, 2003, Washington, DC. 
264 1 |a Washington :  |b U.S. Government Printing Office,  |c 2004. 
300 |a 1 online resource (iii, 56 pages) :  |b illustrations 
336 |a text  |b txt  |2 rdacontent 
337 |a computer  |b c  |2 rdamedia 
338 |a online resource  |b cr  |2 rdacarrier 
588 |a Description based on online resource; title from PDF title screen (govinfo web site, viewed on July 31, 2018). 
600 1 0 |a Anderson, Dave  |q (David W.) 
610 1 0 |a United States.  |b Department of the Interior.  |b Office of the Assistant Secretary-Indian Affairs  |x Officials and employees  |x Selection and appointment. 
655 7 |a Legislative hearings.  |2 lcgft 
776 0 8 |i Print version:  |a United States. Congress. Senate. Committee on Indian Affairs (1993- ).  |t Nomination of David W. Anderson  |w (DLC) 2004356636  |w (OCoLC)54829387 
776 0 8 |i Microfiche version:  |a United States. Congress. Senate. Committee on Indian Affairs (1993- ).  |t Nomination of David W. Anderson  |w (OCoLC)55503810 
810 1 |a United States.  |b Congress.  |b Senate.  |t S. hrg. ;  |v 108-386. 
856 4 0 |u https://purl.fdlp.gov/GPO/gpo106775  |t 0 
999 f f |s e74af8d9-2e9b-36d6-aa07-e414efde1636  |i b0c7da54-0062-3175-84fd-122fe2f3690d  |t 0 
952 f f |a Texas A&M University  |b College Station  |c Electronic Resources  |d Available Online  |t 0  |e Y 4.IN 2/11:S.HRG.108-386  |h Superintendent of Documents classification 
998 f f |a Y 4.IN 2/11:S.HRG.108-386  |t 0  |l Available Online